Normal view
MARC view
- Supervisor: Dr. Tahira Anwar Lashari
Entry Personal Name
001 - CONTROL NUMBER
- control field: 96746
003 - CONTROL NUMBER IDENTIFIER
- control field: NUST
005 - DATE AND TIME OF LATEST TRANSACTION
- control field: 20220810155342.0
008 - FIXED-LENGTH DATA ELEMENTS
- fixed length control field: 220810|| aca||aabn | a|a d
040 ## - CATALOGING SOURCE
- Original cataloging agency: NUST
- Transcribing agency: NUST
100 ## - HEADING--PERSONAL NAME
- Personal name: Supervisor: Dr. Tahira Anwar Lashari
670 ## - SOURCE DATA FOUND
- Source citation: Work cat.: (NUST): Danish, Abdul Samad 96744, Integrating Augmented Reality into UDL Principals: An Approach for Addressing Diversity in Pedagogies /
